000 00891nam a2200265Ia 4500
003 OSt
005 20220928133218.0
006 a|||||r|||| 00| 0
007 ta
008 220927b |||||||| |||| 00| 0 eng d
020 _c5000
024 _a109844
037 _b1312, 29/10/2010, Kiran Book Service
_cReference Collections
040 _aSDCL
_cSDCL
_beng
041 _2eng
_aeng
082 _aV2'P, Q0.1-5 RR
100 _aBakshi S R
245 0 _aEncyclopaedia of modern Indian history
_b British administrative policy in India.5V.
260 _aJaipur
_bSublime Publications
_c2010
490 _vV1:Champaran and Bardoli non-violent satyagraha,323p
650 _aHistory
700 _a Sharma S R
_9369115
942 _hV2'P, Q0.1-5 RR
_cREF
_2CC
999 _c798331
_d798331